| 000 | 01376cam a22003977a 4500 | ||
|---|---|---|---|
| 003 | CHAP | ||
| 005 | 20220817040910.0 | ||
| 008 | 971013s1988 r 00010 d | ||
| 010 | _a2363 | ||
| 011 | _a3335 | ||
| 035 | _a2535 | ||
| 040 | _cCHAP | ||
| 090 | _aTesis | ||
| 100 | 0 | 0 |
_aMartínez Peña, Gerardo Tirso. _972376 |
| 245 | 0 | _aAplicación de la metodología de cartografía de la erosión hídrica con enfoque geodinámico en la Mixteca Alta de Oaxaca, área de Chazumba | |
| 260 |
_aChapingo, Méx. : _bEl Autor, _c1988 |
||
| 300 |
_a160 h. _b: ilus. |
||
| 502 | _aTesis (Ing. Agr. Esp. en suelos) -- UACH. Departamento de Suelos | ||
| 590 |
_aALEPH _b10 _c20130110 _lUCH01 _h1212 |
||
| 590 |
_aBATCH-UPD _b10 _c20130110 _lUCH01 _h0331 |
||
| 590 |
_aBATCH-UPD _b10 _c20130110 _lUCH01 _h1850 |
||
| 590 |
_aBATCH-UPD _b10 _c20130410 _lUCH01 _h0004 |
||
| 590 |
_aBATCH-UPD _b10 _c20130410 _lUCH01 _h1515 |
||
| 590 |
_aBATCH-UPD _b10 _c20130914 _lUCH01 _h0853 |
||
| 590 |
_aCONVERSION _b10 _c20130109 _lUCH01 _h1303 |
||
| 650 | 4 | _aErosión hídrica. | |
| 650 | 1 | 4 |
_aCartografía. _919644 |
| 650 | 1 | 4 |
_aGeodinámica. _947530 |
| 650 | 1 | 4 |
_aSuelos _xEstructura. _9110360 |
| 650 | 1 | 4 |
_aSuelos _xFísica de. _9110373 |
| 650 | 1 | 4 |
_aSuelos _xOaxaca. _9110454 |
| 650 | 1 | 4 |
_aSuelos _xPuebla. _9110466 |
| 901 | _aBK | ||
| 942 | _cTESIS | ||
| 949 |
_bBC _cTES _d-12036 _eTS1 _h24101 _i2535 _si |
||
| 999 |
_c2363 _d2363 |
||